Trestný zákon s komentárom
Zákon č. 300/2005 Z. z. Trestný zákon v znení ďalších zákonov - úplné znenie s komentárom. Účinnosť ostatnej novelizácie zákona (č. 161/2018 Z. z.) od 1. júla 2018.
Gespeichert in:
| 1. Verfasser: | |
|---|---|
| Format: | Buchkapitel |
| Sprache: | Slowakisch |
| Schlagworte: | |
| Tags: |
Keine Tags, Fügen Sie das erste Tag hinzu!
|
MARC
| LEADER | 00000naa a2200000 4500 | ||
|---|---|---|---|
| 001 | 0246202 | ||
| 005 | 20230117072151.4 | ||
| 041 | 0 | |a slo | |
| 044 | |a SK | ||
| 245 | 1 | 0 | |a Trestný zákon s komentárom |c Zuzana Šaninová |
| 520 | |a Zákon č. 300/2005 Z. z. Trestný zákon v znení ďalších zákonov - úplné znenie s komentárom. Účinnosť ostatnej novelizácie zákona (č. 161/2018 Z. z.) od 1. júla 2018. | ||
| 610 | 2 | 0 | |a zákony |
| 610 | 2 | 0 | |a právo trestné |
| 610 | 2 | 0 | |a činy trestné |
| 610 | 2 | 0 | |a terorizmus |
| 610 | 2 | 0 | |a novelizácia |
| 610 | 2 | 0 | |a Slovensko |
| 100 | 1 | |a Šaninová, Zuzana | |